| 000 | 01130nam a2200121Ia 4500 | ||
|---|---|---|---|
| 008 | 220615s9999||||xx |||||||||||||| ||und|| | ||
| 245 | 4 | _aThe Effect of Diet and Natural Agents on Oral, Periodontal Health and Dentistry | |
| 546 | _aEnglish[eng] | ||
| 650 | _aperiodontitis||Pelargonium sidoides DC root extract||proanthocyanidins||bacteriotoxicity||inflammatory cytokines||gene expression||fibroblasts||macrophages||leukocytes||vitamin C||retinol||α-carotene||β-carotene||β-cryptoxanthin||γ-tocopherol||lutein||zeaxanthin||lycopene||ischemic heart disease||C-reactive protein||cardiovascular disease||clinical trial||dietary supplements||dental implants||osseointegration||vitamin D||magnesium||resveratrol||ascorbic acid||zinc||calcium||bone||diabetes mellitus||periodontal disease||natural agents||gingivitis||antioxidants||vitamins||oolong tea||phenolic profile||salivary microbiota||16S rRNA sequencing||bacterial diversities||correlation network||oral diseases||diet||nutrients||nutraceutics||therapy||host response | ||
| 700 | _aIsola, Gaetano | ||
| 856 | _uhttps://mdpi.com/books/pdfview/book/3077 | ||
| 942 | _cEB | ||
| 999 |
_c14252 _d14252 |
||